00265nam a2200109Ia 4500003000400000008004100004100001800045245003400063260003200097300000800129650001800137OSt191201s2007 xx 000 0 und d aRONHUBBARD, L 0aAdvanced Procedure and Axioms aN. delhibHubbard Pubc2007 a295 aGeneral Books